Chris Farley Movies - Sudden Death - Statistics

General Stats
  • This quiz has been taken 29 times
    8 since last reset
  • The average score is 6 of 10
Answers on the Grid
Answers color-coded by a green-red scale on the quiz's grid according to % correct below.
Tommy Boy
Black Sheep
It's Pat
Wayne's World
So I Married an Axe Murderer
Billy Madison
Happy Gilmore
The Nutty Professor
Wayne's World 2
Encino Man
Shrek
Airheads
Austin Powers: International Man of Mystery
Dirty Work
Good Burger
The Wedding Singer
Almost Heroes
Shakes the Clown
Beverly Hills Ninja
Coneheads
 
Answer Stats
Answer % Correct
Tommy Boy
100%
Beverly Hills Ninja
83%
Billy Madison
83%
Black Sheep
83%
Airheads
50%
Coneheads
50%
Wayne's World
50%
Almost Heroes
33%
Dirty Work
33%
Wayne's World 2
33%
No matching quizzes found
Score Distribution
Percent of People with Each Score
Percentile by Number Answered
Your Score History
You have not taken this quiz since the last reset